000 01072cam a2200277 i 4500
999 _c36640
_d36640
001 36640
003 Mx-PuUPA
005 20201021120349.0
008 140415s2007 mx r 000 0 spa d
020 _z9789689182285
040 _aMX-PuUPA
_bspa
_erda
_cMx-PuUPA
_dMx-PuUPA
041 0 _aspa
100 1 _aSzente-Varga, Mónika
_eautor
_96094
245 1 0 _aMigración húngara a México :
_bentre 1901 y 1950 /
_cMónika Szente-Varga.
250 _aPrimera edición
264 1 _aPuebla, Pue. :
_bInstituto de Ciencias Sociales y Humanidades "Alfonso Vélez Pliego" BUAP,
_bDepartamento de Estudios Hispánicos,
_c2007
300 _a224 páginas ;
_c21 cm.
336 _atexto
_2rdacontent
_btxt
337 _asin medio
_2rdamedia
_bn
338 _avolumen
_2rdacarrier
_bnc
650 4 _aHúngaros
_zMéxico
_xHistoria
_ySiglo XX
651 4 _aHungría
_xEmigración e inmigración
_xHistoria
_ySiglo XX
651 4 _aMéxico
_xEmigración e inmigración
_xHistoria
_ySiglo XX
942 _cLI
_2ddc
_h304.8720439
_iS9975